000 00317nam a2200133Ia 4500
008 240624s9999 xx 000 0 und d
041 _aeng
082 _a823 GAZ
100 _aGAZAN SISSEL JO
245 _aDINOSAUR FEATHER
260 _c2012
_aNew Delhi
_bQuercus
300 _a536 : p. : cm. ; 18
365 _cRS
_b25
999 _c19881
_d19881